[Event "4NCL/Div1/MMO vs. BRI1"]
[Site "Birmingham ENG"]
[Date "2001.11.24"]
[Round "3.4"]
[White "Beaumont, Chris"]
[Black "Williams, Simon K"]
[Result "1/2-1/2"]
[WhiteElo "2300"]
[BlackElo "2288"]
[PlyCount "134"]
[EventDate "2001.11.24"]
[SourceDate "2001.01.01"]

1. d4 e6 2. Nf3 f5 3. c4 Nf6 4. Nc3 Be7 5. g3 O-O 6. Bg2 d6 7. O-O a5 8. b3 Ne4
9. Bb2 Nxc3 10. Bxc3 Nd7 11. Qc2 Qe8 12. e4 f4 13. e5 dxe5 14. dxe5 Qh5 15. h3
Nc5 16. g4 Qh6 17. a3 Bd7 18. b4 Na4 19. Bd2 Bc6 20. Kh2 Rad8 21. Rad1 axb4 22.
axb4 Nb6 23. b5 Bxf3 24. Bxf3 Rd4 25. Ba5 {(=)} Rxc4 26. Qb3 Ra8 27. g5 Qg6 28.
Bxb6 Rb4 29. Qd3 Qxd3 30. Rxd3 cxb6 31. Rd7 Bc5 32. Rxb7 Rxb5 33. Kg2 Rb2 34.
Rxb6 Bxb6 35. Bxa8 Bd4 36. Kf3 Bxe5 37. Re1 Bd4 38. Re2 Rb8 39. Be4 e5 40. Bd5+
Kf8 41. Ra2 Ke7 42. Kg4 g6 43. f3 Rb1 44. Rg2 Rh1 45. Be4 Bc3 46. Bd5 Be1 47.
Ba2 Bg3 48. Bd5 Rd1 49. Be4 Kd6 50. Bc2 Rh1 51. Bb3 Rb1 52. Bg8 Ke7 53. Bd5 Rb8
54. Ra2 Rb1 55. Rg2 Kf8 56. Be4 Rh1 57. Bc2 Kg7 58. Be4 h5+ 59. gxh6+ Kxh6 60.
Bc2 Kg7 61. Be4 Be1 62. Bd3 Kf6 63. Be4 Bc3 64. Bc2 Ra1 65. Be4 Bb4 66. Bd5 Be1
67. Ra2 Rxa2 1/2-1/2

[Event "4NCL/Div1/MMO vs. BRI1"]
[Site "Birmingham ENG"]
[Date "2001.11.24"]
[Round "3.5"]
[White "Pert, Richard G"]
[Black "Burgess, Graham"]
[Result "1/2-1/2"]
[WhiteElo "2302"]
[BlackElo "2298"]
[PlyCount "84"]
[EventDate "2001.11.24"]
[SourceDate "2001.01.01"]

1. e4 Nf6 2. e5 Nd5 3. d4 d6 4. c4 Nb6 5. exd6 exd6 6. h3 Be7 7. Nf3 O-O 8. Be2
c5 9. Nc3 Bf6 10. Be3 d5 11. cxd5 Nxd5 12. Nxd5 Qxd5 13. dxc5 Qxd1+ 14. Rxd1
Bxb2 15. O-O Nc6 16. Nd2 Bd4 17. Bc4 Bf5 18. Bxd4 Nxd4 19. Nb3 Nc6 20. Nd4 Nxd4
21. Rxd4 Rac8 22. Rc1 Rfe8 23. g4 Be4 24. Rd7 Rf8 25. Re7 Bc6 26. Rd1 Rce8 27.
Rde1 Rxe7 28. Rxe7 g5 29. h4 gxh4 30. Kh2 Kg7 31. f4 Re8 32. Rxe8 Bxe8 33. Kh3
f5 34. gxf5 Bf7 35. Bd3 Bxa2 36. Be4 a5 37. Bxb7 Bb1 38. Kxh4 {(=)} a4 39. Kg5
h6+ 40. Kh5 a3 41. Bd5 Bxf5 42. c6 Kf6 1/2-1/2

[Event "4NCL/Div1/MMO vs. BRI1"]
[Site "Birmingham ENG"]
[Date "2001.11.24"]
[Round "3.7"]
[White "Ledger, David J"]
[Black "McFarland, Robert S"]
[Result "1-0"]
[WhiteElo "2249"]
[BlackElo "2280"]
[PlyCount "35"]
[EventDate "2001.11.24"]
[SourceDate "2001.01.01"]

1. e4 g6 2. Nc3 Bg7 3. h4 h5 4. d4 c6 5. Bc4 b5 6. Bb3 b4 7. Qf3 e6 8. Nce2 a5
9. Bg5 Qb6 10. Qe3 Bb7 11. Nf3 d6 12. Rd1 Nd7 13. O-O Ngf6 14. Qf4 Qc7 15. c3
Ba6 16. Rfe1 e5 17. dxe5 dxe5 18. Rxd7 1-0

[Event "4NCL/Div1/SLO1 vs. WES"]
[Site "Birmingham ENG"]
[Date "2001.11.24"]
[Round "3.2"]
[White "Webb, Richard M"]
[Black "McNab, Colin A"]
[Result "1/2-1/2"]
[WhiteElo "2361"]
[BlackElo "2431"]
[PlyCount "58"]
[EventDate "2001.11.24"]
[SourceDate "2001.01.01"]

1. e4 g6 2. d4 d6 3. Nc3 Bg7 4. Be3 Nf6 5. h3 c6 6. f4 Qa5 7. Qd2 b5 8. Bd3
Nbd7 9. Nf3 Nb6 10. b3 b4 11. Ne2 c5 12. O-O Bb7 13. e5 Nfd5 14. dxc5 Nxe3 15.
Qxe3 Nd5 16. Qf2 O-O 17. cxd6 exd6 18. Rad1 dxe5 19. Nxe5 Nxf4 20. Nxf4 Bxe5
21. Bc4 Rad8 22. Kh1 Rxd1 23. Rxd1 Qc7 24. Rf1 Bd6 25. Qh4 Qe7 26. Qxe7 Bxe7
27. Nd5 Bxd5 28. Bxd5 Kg7 29. g4 f5 1/2-1/2

[Event "4NCL/Div1/SLO1 vs. WES"]
[Site "Birmingham ENG"]
[Date "2001.11.24"]
[Round "3.3"]
[White "Wohl, Aleksandar H"]
[Black "Corkett, Anthony R"]
[Result "1-0"]
[WhiteElo "2379"]
[BlackElo "2300"]
[PlyCount "65"]
[EventDate "2001.11.24"]
[SourceDate "2001.01.01"]

1. a3 Nf6 2. b4 a5 3. b5 c5 4. c4 e6 5. Nf3 Be7 6. Bb2 O-O 7. e3 b6 8. Nc3 Bb7
9. Qc2 d5 10. cxd5 exd5 11. d4 Nbd7 12. Bd3 cxd4 13. exd4 Ne4 14. Nxe4 dxe4 15.
Bxe4 Bxe4 16. Qxe4 Re8 17. Ne5 Nxe5 18. dxe5 Qd7 19. Qe2 Bc5 20. O-O Re6 21.
Rad1 Qe7 22. Kh1 Re8 23. Qd3 Qh4 24. f4 Rh6 25. h3 Rg6 26. Rf3 h6 27. f5 Rg4
28. Qd7 Rf8 29. f6 Rf4 30. fxg7 Kxg7 31. g3 Rd8 32. gxh4 Rxd7 33. e6+ 1-0

[Event "4NCL/Div1/SLO1 vs. WES"]
[Site "Birmingham ENG"]
[Date "2001.11.24"]
[Round "3.4"]
[White "Upton, Ian J"]
[Black "Houska, Miroslav"]
[Result "1/2-1/2"]
[WhiteElo "2238"]
[BlackElo "2293"]
[PlyCount "20"]
[EventDate "2001.11.24"]
[SourceDate "2001.01.01"]

1. d4 Nf6 2. c4 e6 3. Nc3 Bb4 4. e3 c5 5. Bd3 Bxc3+ 6. bxc3 Nc6 7. Ne2 d6 8.
O-O e5 9. Ng3 O-O 10. h3 Re8 1/2-1/2

[Event "4NCL/Div1/SLO1 vs. WES"]
[Site "Birmingham ENG"]
[Date "2001.11.24"]
[Round "3.5"]
[White "Thiruchelvam, Murugan"]
[Black "Yeo, Michael J"]
[Result "0-1"]
[WhiteElo "2269"]
[BlackElo "2217"]
[PlyCount "68"]
[EventDate "2001.11.24"]
[SourceDate "2001.01.01"]

1. e4 e5 2. Nf3 Nc6 3. Bb5 a6 4. Ba4 d6 5. O-O Bg4 6. c3 Qf6 7. d3 Nge7 8. Nbd2
Ng6 9. h3 h5 10. Bxc6+ bxc6 11. Qa4 Bd7 12. Nc4 Qd8 13. d4 f6 14. Qc2 Be7 15.
Rd1 O-O 16. Qe2 Qe8 17. Nh2 Nf4 18. Bxf4 exf4 19. Re1 Qg6 20. Qf3 Qf7 21. Na5
g5 22. e5 Qd5 23. e6 Be8 24. b4 Qxf3 25. Nxf3 g4 26. hxg4 hxg4 27. Nd2 Kg7 28.
Ndb3 Rh8 29. Rac1 Rh5 30. c4 Bg6 31. Red1 f3 32. Nd2 Rah8 33. gxf3 gxf3 34.
Nxf3 Be4 0-1

[Event "4NCL/Div1/SLO1 vs. WES"]
[Site "Birmingham ENG"]
[Date "2001.11.24"]
[Round "3.6"]
[White "Willmoth, Robert"]
[Black "Howell, David W.L"]
[Result "0-1"]
[WhiteElo "2169"]
[BlackElo "2247"]
[PlyCount "60"]
[EventDate "2001.11.24"]
[SourceDate "2001.01.01"]

1. e4 e5 2. Nc3 Nf6 3. g3 d5 4. exd5 Nxd5 5. Bg2 Be6 6. Qe2 Nc6 7. Nf3 Nxc3 8.
dxc3 f6 9. Be3 Bd6 10. O-O O-O 11. Rad1 Qe7 12. c4 Bc5 13. b3 Rad8 14. c3 a5
15. Rfe1 Rfe8 16. Nd2 Bxe3 17. Qxe3 Qd6 18. Bf3 Qa3 19. Ne4 Qxa2 20. Nc5 Bc8
21. Ra1 Qb2 22. Bd5+ Kh8 23. Qd3 e4 24. Nxe4 Ne5 25. Qd1 Bg4 26. Qc1 Nf3+ 27.
Kh1 Qxc1 28. Rexc1 c6 29. Rxa5 cxd5 30. cxd5 Rxe4 0-1

[Event "4NCL/Div1/SLO1 vs. WES"]
[Site "Birmingham ENG"]
[Date "2001.11.24"]
[Round "3.7"]
[White "Smith, Andrew P"]
[Black "Neil, David R"]
[Result "0-1"]
[WhiteElo "2216"]
[BlackElo "2222"]
[PlyCount "64"]
[EventDate "2001.11.24"]
[SourceDate "2001.01.01"]

1. a3 g6 2. h4 Nf6 3. b4 Bg7 4. Bb2 a5 5. Nh3 d5 6. Nf4 Qd6 7. Nd3 Nbd7 8. Nc3
c6 9. e3 e5 10. Na4 O-O 11. Ndc5 b5 12. Nxd7 Nxd7 13. Nc3 axb4 14. axb4 Bb7 15.
Rb1 Qxb4 16. h5 Qd6 17. hxg6 fxg6 18. Qg4 Nf6 19. Qh4 Rf7 20. g4 Bh8 21. g5 Nd7
22. Ne2 Nb6 23. f4 Nc4 24. Bc3 Bc8 25. Bh3 Bxh3 26. Qxh3 exf4 27. Bxh8 Kxh8 28.
Nxf4 Re8 29. Kd1 d4 30. Qh6 dxe3 31. Nxg6+ Kg8 32. d3 e2+ 0-1

[Event "4NCL/Div1/SLO1 vs. WES"]
[Site "Birmingham ENG"]
[Date "2001.11.24"]
[Round "3.8"]
[White "Howard, Emily"]
[Black "Chevannes, Sabrina"]
[Result "1/2-1/2"]
[WhiteElo "2017"]
[BlackElo "1824"]
[PlyCount "64"]
[EventDate "2001.11.24"]
[SourceDate "2001.01.01"]

1. e4 c6 2. d4 d5 3. e5 c5 4. c3 Nc6 5. Nf3 Bg4 6. Be2 e6 7. Be3 Nge7 8. O-O
Nf5 9. h3 Bxf3 10. Bxf3 cxd4 11. Bxd4 Nfxd4 12. cxd4 Qb6 13. Qd2 Nxd4 14. Nc3
Nxf3+ 15. gxf3 Be7 16. Rab1 O-O 17. Kh1 Qb4 18. Rg1 g6 19. Rg4 Qb6 20. Rbg1
Rfd8 21. h4 h5 22. R4g2 Bf8 23. Ne2 Qb4 24. Qg5 Bg7 25. Nf4 Qxb2 26. Nxg6 fxg6
27. Qxg6 Qxe5 28. Qxg7+ Qxg7 29. Rxg7+ Kf8 30. Rxb7 d4 31. Rgg7 d3 32. Rgf7+
Kg8 1/2-1/2

[Event "4NCL/Div1/WGR1 vs. MMO"]
[Site "Birmingham ENG"]
[Date "2002.01.19"]
[Round "5.1"]
[White "Short, Nigel"]
[Black "Ledger, Andrew J"]
[Result "1-0"]
[WhiteElo "2663"]
[BlackElo "2399"]
[PlyCount "45"]
[EventDate "2002.01.19"]
[SourceDate "2001.01.01"]

1. e4 c6 2. d4 d5 3. e5 Bf5 4. Nf3 e6 5. Be2 c5 6. O-O Nc6 7. c3 cxd4 8. cxd4
Nge7 9. Be3 Nc8 10. Nc3 Be7 11. Na4 Nb6 12. Nc5 Bxc5 13. dxc5 Nd7 14. Nd4 Ndxe5
15. g4 Nxd4 16. Qxd4 Bd3 17. Qxe5 Bxe2 18. c6 Qh4 19. f3 bxc6 20. Bg5 Qh3 21.
Qd6 f6 22. Qxe6+ Kf8 23. Bf4 1-0

[Event "4NCL/Div1/WGR1 vs. MMO"]
[Site "Birmingham ENG"]
[Date "2002.01.19"]
[Round "5.3"]
[White "Baburin, Alexander"]
[Black "Hunt, Adam C"]
[Result "1-0"]
[WhiteElo "2565"]
[BlackElo "2356"]
[PlyCount "81"]
[EventDate "2002.01.19"]
[SourceDate "2001.01.01"]

1. d4 Nf6 2. c4 g6 3. Nf3 Bg7 4. g3 O-O 5. Bg2 d6 6. O-O Nc6 7. Nc3 e5 8. dxe5
Nxe5 9. Nxe5 dxe5 10. Qxd8 Rxd8 11. Bg5 Rd4 12. b3 c6 13. Be3 Rd8 14. Rfd1
Rxd1+ 15. Rxd1 Bf5 16. h3 h5 17. f3 Bf8 18. g4 Be6 19. g5 Ne8 20. Ne4 Be7 21.
Nc5 Nd6 22. Nxe6 fxe6 23. h4 Kf7 24. Bf2 Nf5 25. Rd7 Rb8 26. Bxa7 Ra8 27. Rxb7
Kf8 28. Rb8+ Rxb8 29. Bxb8 Nxh4 30. Bh3 Bxg5 31. Bxe6 Ke7 32. Bh3 Be3+ 33. Kf1
Bd4 34. b4 g5 35. a4 Ng6 36. a5 g4 37. fxg4 Nf4 38. Bg2 Kd7 39. a6 Nxg2 40.
Kxg2 Kc8 41. a7 1-0

[Event "4NCL/Div1/WGR1 vs. MMO"]
[Site "Birmingham ENG"]
[Date "2002.01.19"]
[Round "5.4"]
[White "Eames, Robert G"]
[Black "Emms, John M"]
[Result "0-1"]
[WhiteElo "2327"]
[BlackElo "2537"]
[PlyCount "64"]
[EventDate "2002.01.19"]
[SourceDate "2001.01.01"]

1. e4 c5 2. Nf3 Nc6 3. d4 cxd4 4. Nxd4 e6 5. Nb5 d6 6. c4 Nf6 7. N1c3 a6 8. Na3
Be7 9. Be2 O-O 10. O-O b6 11. Be3 Ne5 12. f4 Ned7 13. Bf3 Bb7 14. Qc2 Qc7 15.
g4 h6 16. Rac1 Nh7 17. Qf2 g5 18. Rfd1 gxf4 19. Bxf4 Ne5 20. Bxh6 Ng5 21. Bxg5
Bxg5 22. Rc2 f5 23. gxf5 exf5 24. Bh5 Qg7 25. Qg2 fxe4 26. Rxd6 Nf3+ 27. Kh1
Ne1 28. Qh3 Bc8 29. Re6 Bxe6 30. Qxe6+ Kh8 31. Qh3 Qh6 32. Re2 Rf3 0-1

[Event "4NCL/Div1/WGR1 vs. MMO"]
[Site "Birmingham ENG"]
[Date "2002.01.19"]
[Round "5.5"]
[White "Ward, Christopher"]
[Black "Williams, Simon K"]
[Result "1/2-1/2"]
[WhiteElo "2486"]
[BlackElo "2300"]
[PlyCount "50"]
[EventDate "2002.01.19"]
[SourceDate "2001.01.01"]

1. d4 e6 2. g3 f5 3. Bg2 Nf6 4. Nd2 c5 5. c3 Nc6 6. Ngf3 cxd4 7. Nxd4 Nxd4 8.
cxd4 Qb6 9. Nb3 a5 10. O-O a4 11. Nc5 Bxc5 12. dxc5 Qxc5 13. Be3 Qb5 14. Qd6
Kf7 15. Qd2 d5 16. Rac1 Bd7 17. Rc5 Qa6 18. Rfc1 Rhc8 19. Bd4 Rxc5 20. Rxc5 Bc6
21. Bf3 Rf8 22. Qg5 Kg8 23. Qe3 Kf7 24. Qg5 Kg8 25. Qe3 Kf7 1/2-1/2

[Event "4NCL/Div1/WGR1 vs. MMO"]
[Site "Birmingham ENG"]
[Date "2002.01.19"]
[Round "5.6"]
[White "Ledger, David J"]
[Black "Hunt, Harriet"]
[Result "0-1"]
[WhiteElo "2298"]
[BlackElo "2411"]
[PlyCount "118"]
[EventDate "2002.01.19"]
[SourceDate "2001.01.01"]

1. e4 c5 2. Nc3 Nc6 3. g3 g6 4. d3 d6 5. Be3 Bg7 6. Qd2 Rb8 7. Bg2 b5 8. Nge2
b4 9. Nd1 Nd4 10. O-O Qb6 11. Nc1 e5 12. f4 exf4 13. Bxf4 Ne6 14. Be3 Ne7 15.
Bh6 Be5 16. Kh1 Qc7 17. Rb1 Nd4 18. Ne3 Be6 19. Nb3 f5 20. c3 Nxb3 21. axb3 Qa5
22. exf5 Nxf5 23. Nxf5 Bxf5 24. Rxf5 gxf5 25. Qg5 Qc7 26. d4 cxd4 27. cxd4 Bxd4
28. Rc1 Qe7 29. Bc6+ Kd8 30. Qxf5 Bf6 31. Rf1 Kc7 32. Bd5 Rb5 33. Qd3 Rhb8 34.
Bf4 Be5 35. Bxe5 Qxe5 36. Qxh7+ Kb6 37. Bg2 Rc5 38. Ra1 a5 39. Qd3 Rbc8 40. Qd2
Rc2 41. Qd3 Rxg2 42. Kxg2 Qxb2+ 43. Kh3 Qxa1 44. Qxd6+ Rc6 45. Qb8+ Kc5 46.
Qf8+ Kd5 47. Qf3+ Kd6 48. Qf8+ Ke5 49. Qe8+ Re6 50. Qb8+ Ke4 51. Qf4+ Kd5 52.
Qf3+ Kc5 53. Qf8+ Kd5 54. Qf3+ Re4 55. Qf7+ Kd4 56. Qf2+ Kd3 57. Qf3+ Re3 58.
Qf5+ Ke2 59. Qc2+ Ke1 0-1

[Event "4NCL/Div1/WGR1 vs. MMO"]
[Site "Birmingham ENG"]
[Date "2002.01.19"]
[Round "5.7"]
[White "Martin, Andrew D"]
[Black "Ledger, Stephen C"]
[Result "0-1"]
[WhiteElo "2443"]
[BlackElo "2168"]
[PlyCount "84"]
[EventDate "2002.01.19"]
[SourceDate "2001.01.01"]

1. d4 Nf6 2. c4 c5 3. d5 b5 4. a4 bxc4 5. Nc3 d6 6. e4 g6 7. Bxc4 Bg7 8. f4 O-O
9. Nf3 Ba6 10. Bb5 Bxb5 11. axb5 Qb6 12. Qe2 Qb7 13. O-O a6 14. bxa6 Nxa6 15.
e5 Ne8 16. f5 gxf5 17. e6 fxe6 18. Ng5 e5 19. Qh5 Nf6 20. Qh3 Nc7 21. Rxa8 Qxa8
22. Qxf5 Qc8 23. Qd3 Qg4 24. Be3 Qh5 25. h3 Qg6 26. Nge4 Nxe4 27. Rxf8+ Bxf8
28. Nxe4 Bh6 29. Bf2 Qf7 30. Nc3 Bf4 31. Qf3 Bc1 32. Qg4+ Qg6 33. Qc8+ Ne8 34.
Ne2 Bxb2 35. Ng3 Kf7 36. Nf5 Bd4 37. g4 Bxf2+ 38. Kxf2 Ng7 39. Ne3 Qe4 40. Qd7
Qf4+ 41. Ke2 Qh2+ 42. Kd3 Qxh3 0-1

[Event "4NCL/Div1/WGR1 vs. MMO"]
[Site "Birmingham ENG"]
[Date "2002.01.19"]
[Round "5.8"]
[White "Tidman, Sophie"]
[Black "Tiller, Bjorn"]
[Result "0-1"]
[WhiteElo "2119"]
[BlackElo "2383"]
[PlyCount "40"]
[EventDate "2002.01.19"]
[SourceDate "2001.01.01"]

1. e4 e6 2. Nf3 d5 3. e5 c5 4. b4 b6 5. c3 Nc6 6. a3 d4 7. cxd4 Nxd4 8. Bb2 Ne7
9. bxc5 bxc5 10. Nxd4 cxd4 11. Qa4+ Bd7 12. Qxd4 Nf5 13. Qd3 Qb6 14. Bc3 Bc5
15. Qe2 Rb8 16. Bb4 Nd4 17. Qd1 a5 18. Bxc5 Qxc5 19. Nc3 Qxe5+ 20. Ne2 Nc2+ 0-1

[Event "4NCL/Div1/BRI1 vs. BGR1"]
[Site "Birmingham ENG"]
[Date "2002.01.19"]
[Round "5.1"]
[White "Ansell, Simon"]
[Black "Hodgson, Julian"]
[Result "0-1"]
[WhiteElo "2396"]
[BlackElo "2598"]
[PlyCount "76"]
[EventDate "2002.01.19"]
[SourceDate "2001.01.01"]

1. e4 d5 2. exd5 Qxd5 3. Nc3 Qa5 4. Nf3 Nf6 5. d4 c6 6. Bc4 Bf5 7. Ne5 e6 8. g4
Be4 9. f3 Bd5 10. Qd3 Nbd7 11. Nxd7 Nxd7 12. Bd2 Bb4 13. O-O-O Bxc4 14. Qxc4
Bxc3 15. Bxc3 Qd5 16. Qb3 b5 17. f4 h5 18. Rhg1 hxg4 19. Rxg4 g6 20. Rgg1 Qxb3
21. axb3 Rh5 22. Be1 Rxh2 23. f5 exf5 24. Bg3 Re2 25. Rh1 O-O-O 26. Rh7 Rf8 27.
d5 Nf6 28. Rh3 Nxd5 29. c4 bxc4 30. bxc4 Ne3 31. Rd6 Rc2+ 32. Kb1 Rxc4 33. b3
Rc5 34. Rd3 f4 35. Bxf4 Nf5 36. Rh7 Rd5 37. Rc3 Kb7 38. Bc1 Rd7 0-1

[Event "4NCL/Div1/BRI1 vs. BGR1"]
[Site "Birmingham ENG"]
[Date "2002.01.19"]
[Round "5.2"]
[White "Nunn, John D.M"]
[Black "Buckley, Graeme"]
[Result "1-0"]
[WhiteElo "2595"]
[BlackElo "2400"]
[PlyCount "121"]
[EventDate "2002.01.19"]
[SourceDate "2001.01.01"]

1. e4 c5 2. Nf3 e6 3. d4 cxd4 4. Nxd4 Nf6 5. Nc3 d6 6. g4 Nc6 7. g5 Nd7 8. h4
Be7 9. Be3 O-O 10. Qd2 Nde5 11. Be2 a6 12. f4 Nxd4 13. Qxd4 Nc6 14. Qd2 b5 15.
O-O-O Qa5 16. Kb1 b4 17. Nd5 exd5 18. exd5 {(=)} Nd8 19. h5 Nb7 20. Bd3 Bg4 21.
Qg2 Bxd1 22. Qe4 f5 23. Qe6+ Rf7 24. g6 Nd8 25. gxf7+ Kf8 26. Qd7 Nxf7 27. Rxd1
Qxd5 28. Re1 g6 29. b3 Rd8 30. Qa7 Qc6 31. hxg6 hxg6 32. Bb6 Re8 33. Bd4 d5 34.
Bxa6 Bd6 35. Rxe8+ Qxe8 36. Kb2 Bxf4 37. Qc5+ Kg8 38. Qxb4 g5 39. Bb7 Qe4 40.
Qc5 Be5 41. Bxe5 Qxe5+ 42. c3 g4 43. Bxd5 Kh7 44. a4 f4 45. Qc4 Nd6 46. Qd3+
Kh6 47. a5 Kg5 48. a6 Qe1 49. b4 Nf5 50. Be4 Ne7 51. Kb3 Qe3 52. Qxe3 fxe3 53.
Kc2 Nc8 54. Kd3 Kf4 55. Bb7 g3 56. c4 Ke5 57. Kxe3 Nb6 58. a7 Nxc4+ 59. Kd3 Nb6
60. a8=Q Nxa8 61. Bxa8 1-0

[Event "4NCL/Div1/BRI1 vs. BGR1"]
[Site "Birmingham ENG"]
[Date "2002.01.19"]
[Round "5.3"]
[White "Sherwin, James T"]
[Black "Hebden, Mark L"]
[Result "1/2-1/2"]
[WhiteElo "2339"]
[BlackElo "2558"]
[PlyCount "248"]
[EventDate "2002.01.19"]
[SourceDate "2001.01.01"]

1. e4 e5 2. Nf3 Nc6 3. Bb5 a6 4. Ba4 Nf6 5. O-O Be7 6. Re1 b5 7. Bb3 O-O 8. d3
d6 9. c3 h6 10. Nbd2 Re8 11. h3 Bf8 12. Nf1 Bb7 13. Ng3 Na5 14. Bc2 c5 15. d4
cxd4 16. cxd4 exd4 17. Nxd4 g6 18. b3 Nd7 19. Be3 Rc8 20. Qd2 Nc6 21. Rad1 Nxd4
22. Bxd4 Qh4 23. Bb1 Ne5 24. Re3 Re6 25. Rc1 Rxc1+ 26. Qxc1 Bg7 27. Qc7 Qe7 28.
Qc3 b4 29. Qd2 Nc6 30. Bxg7 Kxg7 31. Bd3 Qf6 32. Bc4 Re7 33. Bd5 a5 34. Rd3 Ne5
35. Rd4 Ba6 36. f4 Rc7 37. fxe5 dxe5 38. Rc4 Bxc4 39. Bxc4 h5 40. Nf1 Qc6 41.
Qe3 Qd6 42. Nd2 Qc5 43. Qxc5 Rxc5 44. g4 hxg4 {(=)} 45. hxg4 Kf6 46. Kf2 Rc8
47. Nf3 g5 48. Nd2 Ke7 49. Ke3 f6 50. Bd3 Kd6 51. Nc4+ Kc5 52. Nxa5 Ra8 53. Nc4
Rxa2 54. Nd2 Ra8 55. Bc4 Ra1 56. Nf3 Rb1 57. Be6 Kd6 58. Bc4 Kc5 59. Be6 {(=)}
Rc1 60. Kd2 Rc3 61. Ke2 Rc2+ 62. Ke3 Kd6 63. Bf7 Ke7 64. Bd5 Rg2 65. Ne1 Rg3+
66. Ke2 Kd6 67. Nd3 Rxg4 68. Nxb4 f5 69. Nd3 Rh4 70. Bb7 Rh2+ 71. Kf1 Rh3 72.
Ke2 f4 73. Bc8 Re3+ 74. Kd2 Rxe4 75. Bg4 Re3 76. b4 e4 77. Nc5 Ke5 78. b5 Kd6
79. Nd7 Rb3 80. b6 f3 81. Kc2 Rb5 82. Kd2 Kd5 83. Ke3 Rb3+ 84. Kf2 Kd4 85. Kg3
Ke3 86. Ne5 f2 87. Nc4+ Kd4+ 88. Kxf2 Rb1 89. Be2 Rb3 90. Kg2 Kd5 91. Kf2 Kc5
92. Kg2 Rc3 93. Kf2 Kc6 94. Kg2 g4 95. Ne5+ Kxb6 96. Nxg4 Kc5 97. Kf2 Kd4 98.
Nh2 Ke5 99. Nf1 Kf4 100. Bd1 Rg3 101. Be2 Rh3 102. Kg2 Ra3 103. Kf2 e3+ 104.
Ke1 Ra1+ 105. Bd1 Rb1 106. Ke2 Rb8 107. Ke1 Rg8 108. Be2 Rg2 109. Ba6 Rg6 110.
Bd3 Rg7 111. Be2 Ke4 112. Bd1 Rg1 113. Be2 Rg8 114. Ba6 Rb8 115. Be2 Rb1+ 116.
Bd1 Kd3 117. Ng3 Ra1 118. Ne2 Ke4 119. Ng3+ Kd3 120. Ne2 Ra7 121. Nf4+ Ke4 122.
Ne2 Rg7 123. Bc2+ Kf3 124. Nd4+ Kg4 1/2-1/2

[Event "4NCL/Div1/BRI1 vs. BGR1"]
[Site "Birmingham ENG"]
[Date "2002.01.19"]
[Round "5.4"]
[White "Gallagher, Joseph G"]
[Black "Beaumont, Chris"]
[Result "1-0"]
[WhiteElo "2503"]
[BlackElo "2300"]
[PlyCount "59"]
[EventDate "2002.01.19"]
[SourceDate "2001.01.01"]

1. e4 c5 2. Nf3 Nc6 3. d4 cxd4 4. Nxd4 g6 5. c4 Bh6 6. Nc3 d6 7. Be2 Bxc1 8.
Rxc1 Nf6 9. O-O O-O 10. Nc2 Be6 11. Ne3 Qa5 12. Kh1 Rac8 13. f4 Qb6 14. Qd2 Qd4
15. Rfd1 Qxd2 16. Rxd2 a6 17. g4 h6 18. c5 Nb4 19. a3 Na2 20. Nxa2 Bxa2 21. Bf3
e5 22. Rxd6 exf4 23. Nd5 Nxd5 24. exd5 Rfd8 25. Rxd8+ Rxd8 26. d6 Rd7 27. b4
Kf8 28. Re1 Be6 29. Bxb7 Rxb7 30. Rxe6 1-0

[Event "4NCL/Div1/BRI1 vs. BGR1"]
[Site "Birmingham ENG"]
[Date "2002.01.19"]
[Round "5.5"]
[White "Burgess, Graham"]
[Black "Chandler, Murray G"]
[Result "1/2-1/2"]
[WhiteElo "2298"]
[BlackElo "2543"]
[PlyCount "42"]
[EventDate "2002.01.19"]
[SourceDate "2001.01.01"]

1. d4 Nf6 2. Nf3 e6 3. Bg5 c5 4. c3 cxd4 5. cxd4 Qb6 6. Qc1 Nc6 7. Bxf6 gxf6 8.
e3 d5 9. Nc3 Bd7 10. Bd3 Rc8 11. O-O Bd6 12. Qd2 f5 13. Rfc1 Qd8 14. Nb5 Bb8
15. Ne5 Nxe5 16. dxe5 Rxc1+ 17. Rxc1 Bxe5 18. Nxa7 Qb8 19. Bb5 O-O 20. Bxd7
Qxa7 21. a4 Qb8 1/2-1/2

[Event "4NCL/Div1/BRI1 vs. BGR1"]
[Site "Birmingham ENG"]
[Date "2002.01.19"]
[Round "5.6"]
[White "McShane, Luke J"]
[Black "Cobb, Charles"]
[Result "1-0"]
[WhiteElo "2525"]
[BlackElo "2297"]
[PlyCount "49"]
[EventDate "2002.01.19"]
[SourceDate "2001.01.01"]

1. e4 e6 2. d4 d5 3. Nd2 dxe4 4. Nxe4 Bd7 5. Nf3 Bc6 6. Bd3 Nd7 7. O-O Ngf6 8.
Ned2 Be7 9. Re1 Bxf3 10. Nxf3 O-O 11. c3 c5 12. Bf4 Qb6 13. Qe2 Rfe8 14. a4
cxd4 15. a5 Qd8 16. Nxd4 e5 17. Bxe5 Bb4 18. Bxf6 Nxf6 19. Bxh7+ Kh8 20. Qc4
Rxe1+ 21. Rxe1 Bxa5 22. Bc2 Qd5 23. Qxd5 Nxd5 24. Re5 Rd8 25. Bb3 1-0

[Event "4NCL/Div1/BRI1 vs. BGR1"]
[Site "Birmingham ENG"]
[Date "2002.01.19"]
[Round "5.7"]
[White "McFarland, Robert S"]
[Black "Summerscale, Aaron"]
[Result "0-1"]
[WhiteElo "2280"]
[BlackElo "2503"]
[PlyCount "54"]
[EventDate "2002.01.19"]
[SourceDate "2001.01.01"]

1. Nf3 d5 2. c4 d4 3. b4 c5 4. Bb2 f6 5. e3 e5 6. bxc5 Nc6 7. exd4 exd4 8. Qe2+
Kf7 9. d3 Bxc5 10. Qc2 Nb4 11. Qd1 Qa5 12. Nbd2 Bd7 13. Be2 Ba4 14. Qc1 Nc2+
15. Kf1 Nxa1 16. Qxa1 Ne7 17. Ne4 Nc6 18. Nxc5 Qxc5 19. Nxd4 Rad8 20. Nf3 Rhe8
21. d4 Qe7 22. Qe1 Qe4 23. d5 Qc2 24. Bd4 Rxe2 25. Qxe2 Nxd4 26. Nxd4 Qc1+ 27.
Qe1 Qxc4+ 0-1

[Event "4NCL/Div1/BRI1 vs. BGR1"]
[Site "Birmingham ENG"]
[Date "2002.01.19"]
[Round "5.8"]
[White "Sheldon, Ruth"]
[Black "Buckley, Melanie"]
[Result "1/2-1/2"]
[WhiteElo "2310"]
[BlackElo "2147"]
[PlyCount "73"]
[EventDate "2002.01.19"]
[SourceDate "2001.01.01"]

1. d4 Nf6 2. c4 e6 3. Nc3 Bb4 4. Qc2 O-O 5. e3 b6 6. Bd3 c5 7. Nge2 Nc6 8. O-O
Bxc3 9. Qxc3 Bb7 10. a3 Qe7 11. Rb1 d5 12. cxd5 cxd4 13. Nxd4 Nxd4 14. Qxd4
Nxd5 15. e4 e5 16. Qa4 Nc7 17. Be3 Ne6 18. Rbc1 Nf4 19. Rfd1 Nxd3 20. Rxd3 Rfd8
21. Rdc3 Rd7 22. h4 Rad8 23. Bg5 f6 24. Be3 b5 25. Qc2 a6 26. Bb6 Re8 27. Qe2
Qe6 28. Ba5 Rd4 29. Re3 Rc8 30. Rxc8+ Qxc8 31. Bc3 Rd7 32. Qg4 Rc7 33. Qd1 Rd7
34. Qg4 Rc7 35. Qd1 Rd7 36. Qb3+ Qc4 37. Qxc4+ 1/2-1/2

[Event "4NCL/Div1/WRO1 vs. SLO1"]
[Site "Birmingham ENG"]
[Date "2002.01.19"]
[Round "5.1"]
[White "Arkell, Keith C"]
[Black "Fernandes, Antonio"]
[Result "1/2-1/2"]
[WhiteElo "2463"]
[BlackElo "2449"]
[PlyCount "25"]
[EventDate "2002.01.19"]
[SourceDate "2001.01.01"]

1. d4 Nf6 2. Nf3 g6 3. b4 Bg7 4. Bb2 O-O 5. Nbd2 d5 6. e3 Bg4 7. h3 Bxf3 8.
Nxf3 Qd6 9. a3 a5 {(=)} 10. b5 Nbd7 11. c4 c5 12. bxc6 bxc6 13. Be2 1/2-1/2

[Event "4NCL/Div1/WRO1 vs. SLO1"]
[Site "Birmingham ENG"]
[Date "2002.01.19"]
[Round "5.2"]
[White "Houska, Jovanka"]
[Black "Kirsanov, Oleg"]
[Result "1-0"]
[WhiteElo "2380"]
[BlackElo "2353"]
[PlyCount "67"]
[EventDate "2002.01.19"]
[SourceDate "2001.01.01"]

1. e4 e5 2. Nc3 Nc6 3. g3 Bc5 4. Nf3 d6 5. Bg2 a6 6. d3 Nge7 7. O-O O-O 8. Be3
Bxe3 9. fxe3 f5 10. Nh4 Be6 11. d4 exd4 12. exd4 Bd7 13. Qd3 g6 14. Rae1 Rc8
15. a3 fxe4 16. Nxe4 Nf5 17. Qb3+ Kh8 18. Nxf5 Bxf5 19. Qxb7 Nxd4 20. c3 Ne6
21. Qxa6 Bxe4 22. Bxe4 Nc5 23. Qc4 Nxe4 24. Rxf8+ Qxf8 25. Qxe4 Qg7 26. Rf1 c6
27. Qe6 Rd8 28. a4 Qe5 29. Qxe5+ dxe5 30. a5 e4 31. Ra1 e3 32. Kf1 Kg7 33. a6
Kf6 34. a7 1-0

[Event "4NCL/Div1/WRO1 vs. SLO1"]
[Site "Birmingham ENG"]
[Date "2002.01.19"]
[Round "5.3"]
[White "Dunnington, Angus J"]
[Black "Wohl, Aleksandar H"]
[Result "1/2-1/2"]
[WhiteElo "2382"]
[BlackElo "2395"]
[PlyCount "30"]
[EventDate "2002.01.19"]
[SourceDate "2001.01.01"]

1. Nf3 c5 2. c4 Nc6 3. Nc3 g6 4. g3 Bg7 5. Bg2 d6 6. O-O Nh6 7. d4 cxd4 8. Bxh6
Bxh6 9. Nxd4 Nxd4 10. Qxd4 O-O 11. Rfd1 Bg7 12. Qd2 Be6 13. Nd5 Bxd5 14. Bxd5
Qb6 15. Rab1 Rac8 1/2-1/2